000 00486nam a22001937a 4500
003 MPLRDC
005 20220104114056.0
008 210129b ||||| |||| 00| 0 eng d
020 _a7-5325-0677-0
082 _a083.6 SDXL v.1
100 _a何满子主编
245 _a十大小说家
_c
250 _a一版一刷
260 _a
_b上海古籍出版社
_c1989
300 _b
490 _a十大系列丛刊
650 _a现代丛书--通俗用
942 _cBK
_o083.6 SDXL v.1
999 _c4624
_d4614